000 00807aam a2200301 i 4500
001 768714001
003 CO-MdFUSB
005 20250506110037.0
007 ta
008 250506t1978 -us |||| |||| 00| 0 eng d
020 _a0-87784-781-
_q9
040 _cCO-MdFUSB
041 0 _aspa
082 0 4 _223
_a241.3
_bW5821f
100 1 _aWhite, John (1924-)
_eautor
245 1 0 _aEros defiled :
_bthe christian and sexual sin
_c/ John White
264 1 _bInterVarsity Press,
_aDowners Grove, ILL., USA :
_c[1978]
264 4 _c©1978
300 _a169 páginas
336 _atexto
_btxt
_2rdacontent
337 _2rdamedia
_asin mediación
_bn
338 _2rdacarrier
_avolumen
_bnc
563 _aRústico
653 _aÉtica sexual
942 _cBK
945 _aJTF-925
999 _c35254
_d35254